| 000 | 00799cam a2200265Ka 4500 | ||
|---|---|---|---|
| 001 | 41057 | ||
| 005 | 20230411085955.0 | ||
| 008 | 810928s1979 sp 000 0 spa d | ||
| 035 | _a(OCoLC)ocm07798750 | ||
| 040 |
_aSJP _cSJP |
||
| 020 |
_a8402059112 : _c$3.90 |
||
| 020 | _a9788402059116 | ||
| 035 | _a(OCoLC)7798750 | ||
| 049 | _aGRAL | ||
| 100 | 1 |
_aHesse, Hermann, _d1877-1962. |
|
| 245 | 1 | 0 |
_aEscritos politicos 1914/1932 / _cHermann Hesse. |
| 250 | _a2. ed. | ||
| 260 |
_aBarcelona : _bBruguera, _c1979. |
||
| 300 |
_a248 p. ; _c18 cm. |
||
| 490 | 0 |
_aLibro amigo ; _v1502/596 |
|
| 500 | _aSeleccionado de: Politik des Gewissens, Die Politischen Schriften 1914-1932. | ||
| 600 | 1 | 0 |
_aHesse, Hermann, _d1877-1962 _xPolitical and social views. |
| 942 |
_2lcc _cbk |
||
| 994 |
_aC0 _bDRFGD |
||
| 999 |
_c110305 _d110305 |
||